|
|
|
|
| LEADER |
00000cam a22000004a 4500 |
| 001 |
musev2_54516 |
| 003 |
MdBmJHUP |
| 005 |
20230905045702.0 |
| 006 |
m o d |
| 007 |
cr||||||||nn|n |
| 008 |
121210s2012 sp o 00 0 spa d |
| 010 |
|
|
|z 2012512446
|
| 020 |
|
|
|a 9788437089515
|
| 020 |
|
|
|z 9788437088808
|
| 040 |
|
|
|a MdBmJHUP
|c MdBmJHUP
|
| 043 |
|
|
|a e-sp---
|a n-us---
|
| 050 |
0 |
4 |
|a LB775.C37
|b A3 2012
|
| 082 |
0 |
|
|a 378
|2 21
|
| 100 |
1 |
|
|a Castilla, Carmen,
|d 1895-1979.
|
| 245 |
1 |
0 |
|a Diario de viaje a Estados Unidos :
|b Un año en Smith College (1921-1922) /
|c Carmen Castilla ; introducción, edición crítica y notas de Santiago López-Ríos Moreno.
|
| 250 |
|
|
|a 1a ed.
|
| 264 |
|
1 |
|a [Valencia] :
|b Universidad de Valencia,
|c [2012]
|
| 264 |
|
3 |
|a Baltimore, Md. :
|b Project MUSE,
|c 0000
|
| 264 |
|
4 |
|c ©[2012]
|
| 300 |
|
|
|a 1 online resource (228 pages):
|b ill., facsim. ;
|
| 336 |
|
|
|a text
|b txt
|2 rdacontent
|
| 337 |
|
|
|a computer
|b c
|2 rdamedia
|
| 338 |
|
|
|a online resource
|b cr
|2 rdacarrier
|
| 490 |
0 |
|
|a Biblioteca Javier Coy d'estudis nord-americans
|
| 504 |
|
|
|a Includes bibliographical references and index.
|
| 588 |
|
|
|a Description based on print version record.
|
| 600 |
1 |
0 |
|a Maeztu Whitney, María de,
|d 1882-1948
|x Friends and associates.
|
| 600 |
1 |
0 |
|a Castilla, Carmen,
|d 1895-1979
|x Travel
|z United States
|v Diaries.
|
| 650 |
|
0 |
|a Intellectual cooperation
|x History
|y 20th century.
|
| 650 |
|
0 |
|a Educational exchanges
|x History
|y 20th century.
|
| 650 |
|
0 |
|a Women educators
|z Spain
|v Biography.
|
| 650 |
|
0 |
|a Women in higher education
|z Spain
|v Biography.
|
| 651 |
|
0 |
|a United States
|x Relations
|z Spain.
|
| 651 |
|
0 |
|a Spain
|x Relations
|z United States.
|
| 651 |
|
0 |
|a United States
|x Description and travel.
|
| 610 |
2 |
0 |
|a Smith College.
|
| 610 |
1 |
0 |
|a Spain.
|b Junta para Ampliación de Estudios e Investigaciones Científicas.
|
| 655 |
|
7 |
|a Electronic books.
|2 local
|
| 700 |
1 |
|
|a López-Ríos Moreno, Santiago,
|e edt.
|
| 710 |
2 |
|
|a Project Muse.
|e distributor
|
| 830 |
|
0 |
|a Biblioteca Javier Coy d'estudis nord-americans.
|
| 830 |
|
0 |
|a Book collections on Project MUSE.
|
| 856 |
4 |
0 |
|z Texto completo
|u https://projectmuse.uam.elogim.com/book/54516/
|
| 945 |
|
|
|a Project MUSE - Custom Collection
|